000 00881nam a2200253 4500
003 CBULib
005 20250722144600.0
008 250715b |||||||| |||| 00| 0 eng d
040 _aCBULib
_bEnglish
_cCBULib
_erda
041 _aeng
050 _aCBU(058)MT/2017
110 _aThe Copperbelt University(CBU)
245 _aThe Copperbelt University Medical Trust Ltd : 2017 annual report : submitted to the 25th annual general meeting
_c/ by The Copperbelt University(CBU)
260 _aKitwe :
_bCopperbelt University,
_c2017.
300 _a32 pages : illustrations
336 _2rdacontent
_aText |
_btxt
337 _2rdamedia
_aUnmediated |
_bn
338 _2rdacarrier
_aVolume
_bnc
650 _aMEDICAL CARE
650 _aQUALITY HEALTH CARE
650 _aHEALTH CARE MANAGEMENT--ZAMBIA
650 _aHEALTH CARE MANAGEMENT--EMPLOYEE--ZAMBIA
942 _2mc
_c030
999 _c86272
_d86272